| 000 | 01276nam a2200385 i 4500 | ||
|---|---|---|---|
| 001 | 11989 | ||
| 003 | KOSZ 005 | ||
| 005 | 20240405063009.0 | ||
| 008 | 080302s1963 pl f 001 0 pol | ||
| 015 | _aPB 1963/4833 | ||
| 040 |
_aWA N _cWA N _dKOSZ 005/KK _dKOSZ 005/HR |
||
| 046 | _k1963 | ||
| 080 | _a165 | ||
| 080 | _a141.8 | ||
| 100 | 1 |
_aMartel, Karol _d(1916- ) _eAutor |
|
| 245 | 1 | 0 |
_aPodstawowe zagadnienia marksistowskiej teorii poznania / _cKarol Martel. |
| 250 | _aWyd. 2. | ||
| 260 |
_aWarszawa : _bPaństwowe Wydawnictwo Naukowe, _c1963. |
||
| 300 |
_a217, [2] s. ; _c18 cm. |
||
| 336 |
_2rdacontent _aTekst _btxt |
||
| 337 |
_2rdamedia _aBez urządzenia pośredniczącego _bn |
||
| 338 |
_2rdacarrier _aWolumin _bnc |
||
| 380 | _aKsiążki | ||
| 388 | _a1901-2000 | ||
| 388 | _a1945-1989 | ||
| 500 | _aWykłady wygłoszone w Wyższej Szkole Nauk Społecznych w latach 1958-1959. | ||
| 648 | 4 | _a1801-1900 | |
| 648 | 4 | _a1901-2000 | |
| 650 | 4 | _aMarksizm | |
| 650 | 4 | _aTeoria poznania | |
| 658 | _aFilozofia i etyka | ||
| 710 | 2 |
_aPaństwowe Wydawnictwo Naukowe _4pbl. |
|
| 856 |
_uhttp://koha.tu.koszalin.pl/cgi-bin/koha/opac-detail.pl?biblionumber=11989 _yKatalog online BPK |
||
| 942 |
_2UKD _cKS |
||
| 999 |
_c11989 _d11989 |
||